The Party Wall etc. Act 1996 (Record no. 115682)
[ view plain ]
| 000 -LEADER | |
|---|---|
| fixed length control field | 01551cam a22002775a 4500 |
| 001 - CONTROL NUMBER | |
| control field | L159114 |
| 008 - FIXED-LENGTH DATA ELEMENTS--GENERAL INFORMATION | |
| fixed length control field | 160129s2015 xxk f 000 0 eng d |
| 020 ## - INTERNATIONAL STANDARD BOOK NUMBER | |
| International Standard Book Number | 9781409844570 |
| 035 ## - SYSTEM CONTROL NUMBER | |
| System control number | (Sirsi) u159114 |
| 041 ## - LANGUAGE CODE | |
| Language code of text/sound track or separate title | eng |
| 050 ## - LIBRARY OF CONGRESS CALL NUMBER | |
| Classification number | 692.2 |
| 110 ## - MAIN ENTRY--CORPORATE NAME | |
| Corporate name or jurisdiction name as entry element | United Kingdom |
| Subordinate unit | Department for Communities and Local Government |
| 9 (RLIN) | 4939 |
| 245 04 - TITLE STATEMENT | |
| Title | The Party Wall etc. Act 1996 |
| Remainder of title | explanatory booklet |
| Medium | [electronic resource] |
| 260 ## - PUBLICATION, DISTRIBUTION, ETC. | |
| Place of publication, distribution, etc. | London |
| Name of publisher, distributor, etc. | Department for Communities and Local Government |
| Date of publication, distribution, etc. | 2016 |
| 300 ## - PHYSICAL DESCRIPTION | |
| Extent | 49p. |
| 350 ## - PRICE (NR) (BK AM CF MU VM SE) [OBSOLETE] | |
| Price | 0 |
| 505 2# - FORMATTED CONTENTS NOTE | |
| Formatted contents note | Introduction -- Part 1: Party Wall etc. Act 1996 -- Part 2: Building Owners -- Part 3: Adjoining Owners/Occupiers -- Part 4: Frequently Asked Questions -- Part 5: Example Letters -- Part 6: Further Information -- Appendix 1: Simple Definitions -- Appendix 2: Flow Chart: How to meet the requirements of the Party Wall etc. Act 1996 |
| 520 ## - SUMMARY, ETC. | |
| Summary, etc. | Intended as a general guide it aims to explain in simple terms how the Party Wall etc. Act 1996 ("the Act") may affect someone who either wishes to carry out work covered by the Act (the "Building Owner") or receives notification under the Act of proposed adjacent work (the "Adjoining Owner"). |
| 650 ## - SUBJECT ADDED ENTRY--TOPICAL TERM | |
| Topical term or geographic name entry element | PARTY WALL ETC. ACT 1996 |
| 650 ## - SUBJECT ADDED ENTRY--TOPICAL TERM | |
| Topical term or geographic name entry element | Party walls |
| 9 (RLIN) | 6258 |
| 651 #4 - SUBJECT ADDED ENTRY--GEOGRAPHIC NAME | |
| Geographic name | ENGLAND AND WALES |
| 690 ## - LOCAL SUBJECT ADDED ENTRY--TOPICAL TERM (OCLC, RLIN) | |
| Topical term or geographic name as entry element | BUILT ENVIRONMENT |
| 856 40 - ELECTRONIC LOCATION AND ACCESS | |
| Uniform Resource Identifier | <a href="https://www.gov.uk/government/uploads/system/uploads/attachment_data/file/393927/Party_Wall_etc__Act_1996_-_Explanatory_Booklet.pdf">https://www.gov.uk/government/uploads/system/uploads/attachment_data/file/393927/Party_Wall_etc__Act_1996_-_Explanatory_Booklet.pdf</a> |
| Public note | View this item at www.gov.uk |
| 942 ## - ADDED ENTRY ELEMENTS (KOHA) | |
| Suppress in OPAC | 0 |
| 948 ## - LOCAL PROCESSING INFORMATION (OCLC); SERIES PART DESIGNATOR (RLIN) | |
| c (OCLC) | 02/07/1997 |
| Withdrawn status | Lost status | Source of classification or shelving scheme | Damaged status | Not for loan | Home library | Current library | Shelving location | Date acquired | Total Checkouts | Full call number | Barcode | Date last seen | Copy number | Price effective from | Koha item type |
|---|---|---|---|---|---|---|---|---|---|---|---|---|---|---|---|
| Dewey Decimal Classification | Virtual | Virtual | Online | 29/01/2016 | ONLINE PUBLICATION | 159114-2001 | 06/08/2019 | 1 | 06/08/2019 | Book |